| 000 | 00659nam a2200205 u 4500 | ||
|---|---|---|---|
| 005 | 20240228064017.0 | ||
| 008 | 100818s2007 r 000 0 eng d | ||
| 020 | _a9789500110273 | ||
| 035 | _aUPN01000177415 | ||
| 049 | _aI | ||
| 050 | 4 |
_aPZ78 _bA5.76 |
|
| 245 | 1 | 0 |
_aAntología. Cuentos de fútbol : _bpara chicos y chicas / _ccomp. Guillermo Rönnow ; il. Leo Bolzicco. |
| 260 |
_aBuenos Aires : _bEstrada, _c2007. |
||
| 300 |
_a87 p. : _bil. |
||
| 440 | 0 |
_aAzulejos niños ; _v2 |
|
| 650 | 4 |
_aLibros y lectura para niños _92290 |
|
| 650 | 4 |
_aFUTBOL (SOCCER) - _vLITERATURA INFANTIL _912082 |
|
| 700 | 1 |
_aRönnow, Guillermo, _ecomp. |
|
| 905 | _aInfantil | ||
| 999 |
_c149518 _d149518 |
||